Corrosion engineering (Record no. 1267)

000 -LEADER
fixed length control field 00569nam a22002177a 4500
001 - CONTROL NUMBER
control field 1267
003 - CONTROL NUMBER IDENTIFIER
control field BD-DhUET
008 - FIXED-LENGTH DATA ELEMENTS--GENERAL INFORMATION
fixed length control field 140902b xxu||||| |||| 00| 0 eng d
020 ## - INTERNATIONAL STANDARD BOOK NUMBER
International Standard Book Number 9789848725085
040 ## - CATALOGING SOURCE
Transcribing agency 0
Modifying agency BD-DhUET
082 ## - DEWEY DECIMAL CLASSIFICATION NUMBER
Classification number 620.1122
Item number NOO/2009
100 ## - MAIN ENTRY--PERSONAL NAME
Personal name Nooruddin Ahmed
245 ## - TITLE STATEMENT
Title Corrosion engineering
Remainder of title an introductory text
250 ## - EDITION STATEMENT
Edition statement 1st ed.
260 ## - PUBLICATION, DISTRIBUTION, ETC. (IMPRINT)
Place of publication, distribution, etc. Dhaka
Name of publisher, distributor, etc. N. Ahmed and I. Mahmud
Date of publication, distribution, etc. 2009
300 ## - PHYSICAL DESCRIPTION
Extent xviii, 261 p.
504 ## - BIBLIOGRAPHY, ETC. NOTE
Bibliography, etc Includes bibliographies
650 #0 - SUBJECT ADDED ENTRY--TOPICAL TERM
Topical term or geographic name as entry element Corrosion and anti-Corrosion
700 ## - ADDED ENTRY--PERSONAL NAME
Personal name Iqbal Mahmud
942 ## - ADDED ENTRY ELEMENTS (KOHA)
Koha item type General Book
Holdings
Damaged status Sublocation or collection (holding branch) Shelving location Date acquired Piece designation (barcode) Koha out on loan Koha date last borrowed Koha issues (times borrowed) Koha date last seen Location (home branch) Withdrawn status Source of classification or shelving scheme Copy number Not for loan Koha normalized classification for sorting Lost status Koha item type Koha full call number Price effective from
 Central Library, BUETCirculation section2014-09-02107513 2021-08-2822021-08-28Central Library, BUET  8 620_000000000000000_1122NOO200 General Book620.1122/NOO/20092014-09-02
 Central Library, BUETCirculation section2014-09-02107507 2021-09-06252021-09-06Central Library, BUET  8 620_000000000000000_1122NOO200 General Book620.1122/NOO/20092014-09-02
 Central Library, BUETCirculation section2014-09-02107508 2021-08-2812021-08-28Central Library, BUET  8 620_000000000000000_1122NOO200 General Book620.1122/NOO/20092014-09-02
 Central Library, BUETCirculation section2014-09-02107506 2021-08-2812021-08-28Central Library, BUET    620_000000000000000_1122NOO200 General Book620.1122/NOO/20092014-09-02
 Central Library, BUETCirculation section2014-09-02107512 2021-08-2812021-08-28Central Library, BUET    620_000000000000000_1122NOO200 General Book620.1122/NOO/20092014-09-02
 Central Library, BUETCirculation section2014-09-021075092025-12-152025-12-0152025-12-01Central Library, BUET    620_000000000000000_1122NOO200 General Book620.1122/NOO/20092014-09-02
 Central Library, BUETCirculation section2014-09-02107505 2024-10-21382024-10-21Central Library, BUET    620_000000000000000_1122NOO200 General Book620.1122/NOO/20092014-09-02
 Central Library, BUETCirculation section2014-09-02107511 2021-08-2812021-08-28Central Library, BUET    620_000000000000000_1122NOO200 General Book620.1122/NOO/20092014-09-02
 Central Library, BUETCirculation section2014-09-02107504 2021-08-2812021-08-28Central Library, BUET    620_000000000000000_1122NOO200 General Book620.1122/NOO/20092014-09-02
 Central Library, BUETCirculation section2010-01-13107510 2021-08-2812021-08-28Central Library, BUET  1 620_112200000000000_NOO_2009 General Book620.1122/NOO/20092018-04-28